[Event "Kiel Cup U20"]
[Site "Kiel"]
[Date "2012.10.04"]
[Round "1"]
[White "Kololli, Martin"]
[Black "Birkhahn, Mattis"]
[Result "1/2-1/2"]
[WhiteElo "1816"]
[BlackElo "1695"]
[PlyCount "73"]
[EventDate "2012.10.??"]
[EventType "swiss"]
[EventRounds "7"]
[EventCountry "GER"]
[SourceTitle "EXT 2015"]
[Source "ChessBase"]
[SourceDate "2014.11.20"]
[SourceVersion "1"]
[SourceVersionDate "2014.11.20"]
[SourceQuality "1"]

1. e4 c5 2. c3 Nf6 3. e5 Nd5 4. d4 cxd4 5. Nf3 e6 6. cxd4 d6 7. Bd3 Bd7 8. 0-0 Bc6 9. Nc3 Nxc3 10. bxc3 Nd7 11. Bf4 dxe5 12. Nxe5 Nxe5 13. Bxe5 Bd6 14. f4 Bxe5 15. fxe5 Qd5 16. Qe2 0-0 17. Rf4 b5 18. Raf1 a6 19. Rh4 g6 20. Rf6 Rac8 21. Be4 Qc4 22. Qxc4 bxc4 23. Bxc6 Rxc6 24. d5 Rb6 25. Rxc4 Rb1+ 26. Kf2 exd5 27. Ra4 Rc8 28. Ra3 Rb2+ 29. Kf3 Rc2 30. Rfxa6 R2xc3+ 31. Rxc3 Rxc3+ 32. Ke2 Rc2+ 33. Kf3 Rc3+ 34. Kf4 Rc4+ 35. Kf3 Rc3+ 36. Kg4 Rc4+ 37. Kg3 1/2-1/2

[Event "GER-chT North U16"]
[Site "Berlin"]
[Date "2012.09.09"]
[Round "7.4"]
[White "Birkhahn, Mattis"]
[Black "Schumann, Steffen"]
[Result "0-1"]
[WhiteElo "1602"]
[BlackElo "1759"]
[PlyCount "92"]
[EventDate "2012.09.06"]
[EventType "team-swiss"]
[EventRounds "7"]
[EventCountry "GER"]
[SourceTitle "EXT 2015"]
[Source "ChessBase"]
[SourceDate "2014.11.20"]
[SourceVersion "1"]
[SourceVersionDate "2014.11.20"]
[SourceQuality "1"]
[WhiteTeam "Luebeck"]
[BlackTeam "Wildeshausen"]
[WhiteTeamCountry "GER"]
[BlackTeamCountry "GER"]

1. b3 e5 2. Bb2 Nc6 3. e3 Nf6 4. Bb5 Bd6 5. Na3 Na5 6. Nf3 e4 7. Ng5 Be7 8. Rb1 a6 9. Be2 d5 10. c4 h6 11. Nh3 Bxh3 12. gxh3 Nc6 13. cxd5 Nb4 14. Nc2 Nbxd5 15. Rg1 Qd6 16. Rg3 Rg8 17. Nd4 g6 18. a3 0-0-0 19. b4 Nd7 20. Qc2 f5 21. f4 Bh4 22. Rc1 Bxg3+ 23. hxg3 Kb8 24. Bc4 N7b6 25. b5 a5 26. Bxd5 Nxd5 27. Qa4 Qb6 28. Kf2 c5 29. Nb3 Nc7 30. Rxc5 Rxd2+ 31. Nxd2 Qxc5 32. Qxa5 Qxb5 33. Qc3 Rd8 34. Ke1 Qd3 35. Qxd3 Rxd3 36. Nc4 b5 37. Ne5 Rxe3+ 38. Kf2 Rb3 39. Bd4 g5 40. Nc6+ Ka8 41. Be5 Rxa3 42. Bxc7 Rc3 43. Nd4 Rxc7 44. Nxb5 Rc2+ 45. Ke3 gxf4+ 46. gxf4 Rh2 0-1

[Event "Schleswig Holstein-ch U16"]
[Site "Neumuenster"]
[Date "2011.04.28"]
[Round "6.4"]
[White "Powierski, Emil"]
[Black "Birkhahn, Mattis"]
[Result "1-0"]
[WhiteElo "2000"]
[BlackElo "1323"]
[PlyCount "41"]
[EventDate "2011.04.25"]
[EventType "tourn"]
[EventRounds "9"]
[EventCountry "GER"]
[SourceTitle "EXT 2022"]
[Source "ChessBase"]
[SourceDate "2021.10.06"]
[SourceVersion "1"]
[SourceVersionDate "2021.10.06"]
[SourceQuality "1"]

1. e4 c5 2. Nf3 d6 3. d4 cxd4 4. Nxd4 Nf6 5. Nc3 g6 6. Be3 Bg7 7. f3 0-0 8. Qd2 Nc6 9. 0-0-0 d5 10. exd5 Nxd5 11. Nxc6 bxc6 12. Bd4 Nf6 13. Bc4 c5 14. Be3 Qxd2+ 15. Rxd2 Bb7 16. Na4 Rac8 17. Nxc5 Rc7 18. Bb3 e6 19. Nxb7 Rxb7 20. Rhd1 Rfb8 21. Rd8+ 1-0

[Event "Schleswig Holstein-ch U16"]
[Site "Neumuenster"]
[Date "2011.04.25"]
[Round "1.5"]
[White "Birkhahn, Mattis"]
[Black "Pommerenke, Birger"]
[Result "1/2-1/2"]
[WhiteElo "1323"]
[BlackElo "1736"]
[PlyCount "39"]
[EventDate "2011.04.25"]
[EventType "tourn"]
[EventRounds "9"]
[EventCountry "GER"]
[SourceTitle "EXT 2022"]
[Source "ChessBase"]
[SourceDate "2021.10.06"]
[SourceVersion "1"]
[SourceVersionDate "2021.10.06"]
[SourceQuality "1"]

1. c4 c5 2. g3 Nc6 3. Bg2 Nf6 4. Nc3 d6 5. Nh3 g6 6. Nf4 Bg7 7. 0-0 0-0 8. a3 a6 9. Rb1 e5 10. Nfd5 Nxd5 11. Nxd5 Ne7 12. b4 Nxd5 13. Bxd5 Rb8 14. d3 b5 15. Be3 cxb4 16. Ba7 Bh3 17. Re1 Rc8 18. cxb5 axb5 19. Rxb4 Qa5 20. Be3 1/2-1/2

[Event "Schleswig Holstein-ch U14 Vormeister"]
[Site "Neumuenster"]
[Date "2010.04.08"]
[Round "6"]
[White "Birkhahn, Mattis"]
[Black "Haye, Robert"]
[Result "1/2-1/2"]
[WhiteElo "1086"]
[BlackElo "1200"]
[PlyCount "48"]
[EventDate "2010.04.05"]
[EventType "swiss"]
[EventRounds "9"]
[EventCountry "GER"]
[SourceTitle "EXT 2023"]
[Source "ChessBase"]
[SourceDate "2022.10.05"]
[SourceVersion "1"]
[SourceVersionDate "2022.10.05"]
[SourceQuality "1"]

1. e4 c5 2. Nf3 Nc6 3. d4 cxd4 4. Nxd4 Nf6 5. Nc3 e5 6. Nf3 d6 7. Be2 Be6 8. 0-0 Be7 9. Bg5 a6 10. Qd2 Qc7 11. Bxf6 Bxf6 12. Ng5 0-0 13. Rad1 Bxg5 14. Qxg5 Nd4 15. Rd2 f5 16. Bd3 h6 17. Qh5 f4 18. Nd5 Qd8 19. Bc4 Bf7 20. Qd1 f3 21. Rxd4 exd4 22. Qxf3 Kh8 23. Qd3 b5 24. Bb3 Bxd5 1/2-1/2